00846nam a22002177a 450000500170000001000150001702000260003203500130005803700130007108200180008410000240010224500770012626000400020327000680024330000240031150000560033550501260039165000380051765000340055565000390058920150707160311.0 aENG-113178 c595.00a9788189766245 aEN-96710 bDBAD/PUB a362.880820954 aChatterji, Shoma A. aWomen in perspective :cby Shoma A. Chatterjibessays on gender issues / bVitasta Publishingc2010aNew Delhi bNew Delhie110002a2/15, First Floor, Ansari Road, DaryaGanj,  axvi,226p.c23cm(Hb) aIncludes bibliographical references (p. [217]-226). apt. 1. Introduction -- pt. 2. Gender and violence -- pt. 3. Women, gender and society -- pt. 4. Women and Indian economy. aWomenxViolence against z India. a Women in developmentzIndia. aWomen zIndia xSocial conditions.